Cleopatra Lyrics - The Lumineers - Statistics

General Stats
  • This quiz has been taken 105 times
    101 since last reset
  • The average score is 18 of 23
Answer Stats
Lyric Answer % Correct
I was Cleopatra, I was young and an _______ actress
100%
With my father in a ______, I had no plans casket
98%
But I was late for this, _____________, late for the love of my life late for that
92%
When you knealt by my ________ and asked for my hand mattress
92%
And when I _________, when I die alone, when I die I'll be on time die alone
91%
And when I _________, when I die alone, when I die I'll be on time die alone
91%
Bute I was late for this, late for that, late for the _______________ love of my life
89%
From the strangers in my backseat, they remind me of ___ you
89%
But I was sad you ask it, as I laid in a __________ black dress
87%
And when I die alone, when I die alone, when I die ______________ I'll be on time
84%
And it hardened like my heart did ________ left town when you
84%
I won't be ____________, late for that, late for the love of my life late for this
81%
But I've read this ______ and the costume fits, so I played my part script
80%
So I drive a taxi, and the _______ distracts me traffic
80%
And I left the __________, the mud stained on the carpet footprints
76%
It's a ___ and a bathroom bed
75%
While the church discouraged, any ____ that burned within me lust
74%
And the only gifts from my lord, were _____ and a divorce birth
72%
I was _________, I was taller than the rafters Cleopatra
64%
Now a Nurse in white shoes, leads me back to my _________ guestroom
64%
But that's all in the past now, __________________ gone with the wind
62%
Yes my flesh, it was my currency, but I _________ held true
44%
And a place for the ___ end
42%
No matching quizzes found
Score Distribution
Percent of People with Each Score
Percentile by Number Answered
Your Score History
You have not taken this quiz since the last reset